000 00444nam a2200181Ia 4500
001 10102
005 20260306161807.0
008 260306t1995||||xx |||||||||||||| ||spa||
041 _aESP
082 _aPL 891.85
_bC265
100 _aConrad, Joseph
_eAUT
245 0 _aYouth; Heart of darkness; The end of the tether
260 _c1995
300 _a319 páginas :
_c20 cm.
650 _aGEN
654 _aCHU
942 _cLIB
_dJUS
_fJUS
_2ddc
_n
999 _c10102
_d10102